Plant diseases (Record no. 17397)
[ view plain ]
| 000 -LEADER | |
|---|---|
| fixed length control field | 00224nam a22000857a 4500 |
| 003 - CONTROL NUMBER IDENTIFIER | |
| control field | ASAB |
| 005 - DATE AND TIME OF LATEST TRANSACTION | |
| control field | 20170420124755.0 |
| 008 - FIXED-LENGTH DATA ELEMENTS--GENERAL INFORMATION | |
| fixed length control field | 150917t xxu||||| |||| 00| 0 eng d |
| 020 ## - INTERNATIONAL STANDARD BOOK NUMBER | |
| International Standard Book Number | 81-7910-108-8 |
| 040 ## - CATALOGING SOURCE | |
| Transcribing agency | ASAB |
| 082 ## - DEWEY DECIMAL CLASSIFICATION NUMBER | |
| Classification number | 632 |
| 100 ## - MAIN ENTRY--PERSONAL NAME | |
| Personal name | Sampat nehra |
| 9 (RLIN) | 1208 |
| 245 ## - TITLE STATEMENT | |
| Title | Plant diseases |
| Remainder of title | biocontrol management |
| Statement of responsibility, etc. | by Sampat nehra |
| 260 ## - PUBLICATION, DISTRIBUTION, ETC. | |
| Place of publication, distribution, etc. | Jai Pur |
| Name of publisher, distributor, etc. | Aavishkar Publishers, Distributors |
| Date of publication, distribution, etc. | c2005 |
| 300 ## - PHYSICAL DESCRIPTION | |
| Extent | 411 P |
| 942 ## - ADDED ENTRY ELEMENTS (KOHA) | |
| Source of classification or shelving scheme | |
| Koha item type | Book |
| Withdrawn status | Lost status | Source of classification or shelving scheme | Damaged status | Not for loan | Collection code | Permanent Location | Current Location | Date acquired | Total Checkouts | Full call number | Barcode | Date last seen | Price effective from | Koha item type |
|---|---|---|---|---|---|---|---|---|---|---|---|---|---|---|
| Central Library (CL) | Central Library (CL) | 09/17/2015 | 632 NEH | ASAB2101 | 04/20/2017 | 09/17/2015 | Book |
